<?xml version="1.0" encoding="UTF-8"?>
<record
    xmlns:xsi="http://www.w3.org/2001/XMLSchema-instance"
    xsi:schemaLocation="http://www.loc.gov/MARC21/slim http://www.loc.gov/standards/marcxml/schema/MARC21slim.xsd"
    xmlns="http://www.loc.gov/MARC21/slim">

  <leader>01434cam a2200241 i 4500</leader>
  <datafield tag="999" ind1=" " ind2=" ">
    <subfield code="c">58126</subfield>
    <subfield code="d">58126</subfield>
  </datafield>
  <controlfield tag="001">21144546</controlfield>
  <controlfield tag="005">20221107110356.0</controlfield>
  <controlfield tag="008">190820s2020    enk      b    001 0 eng  </controlfield>
  <datafield tag="020" ind1=" " ind2=" ">
    <subfield code="a">9780367321376x</subfield>
  </datafield>
  <datafield tag="041" ind1=" " ind2=" ">
    <subfield code="a">eng</subfield>
  </datafield>
  <datafield tag="080" ind1=" " ind2=" ">
    <subfield code="a">364.694 + 376-056.2 F-83</subfield>
  </datafield>
  <datafield tag="100" ind1="1" ind2=" ">
    <subfield code="a">Fox, Mark</subfield>
    <subfield code="d"> </subfield>
    <subfield code="9">12104</subfield>
  </datafield>
  <datafield tag="245" ind1="1" ind2="0">
    <subfield code="a">Supporting the emotional well-being of children and young people with learning disabilities :</subfield>
    <subfield code="b">a whole school approach /</subfield>
    <subfield code="c">Mark Fox, Tom Laverty, and Sanchita Chowdhury.</subfield>
  </datafield>
  <datafield tag="264" ind1=" " ind2="1">
    <subfield code="a">London ;</subfield>
    <subfield code="a">New York :</subfield>
    <subfield code="b">Routledge, Taylor &amp; Francis Group,</subfield>
    <subfield code="c">2020.</subfield>
  </datafield>
  <datafield tag="300" ind1=" " ind2=" ">
    <subfield code="a">121 pages ;</subfield>
    <subfield code="c">30 cm.</subfield>
  </datafield>
  <datafield tag="653" ind1=" " ind2=" ">
    <subfield code="a">&#x41F;&#x43E;&#x434;&#x434;&#x435;&#x440;&#x436;&#x43A;&#x430; &#x44D;&#x43C;&#x43E;&#x446;&#x438;&#x43E;&#x43D;&#x430;&#x43B;&#x44C;&#x43D;&#x43E;&#x433;&#x43E; &#x431;&#x43B;&#x430;&#x433;&#x43E;&#x43F;&#x43E;&#x43B;&#x443;&#x447;&#x438;&#x44F; &#x434;&#x435;&#x442;&#x435;&#x439; &#x438; &#x43C;&#x43E;&#x43B;&#x43E;&#x434;&#x44B;&#x445; &#x43B;&#x44E;&#x434;&#x435;&#x439; &#x441; &#x43D;&#x430;&#x440;&#x443;&#x448;&#x435;&#x43D;&#x438;&#x435;&#x43C; &#x43E;&#x431;&#x443;&#x447;&#x430;&#x435;&#x43C;&#x43E;&#x441;&#x442;&#x438;</subfield>
  </datafield>
  <datafield tag="653" ind1=" " ind2=" ">
    <subfield code="a">&#x10E1;&#x10EC;&#x10D0;&#x10D5;&#x10DA;&#x10D8;&#x10E1; &#x10E8;&#x10D4;&#x10D6;&#x10E6;&#x10E3;&#x10D3;&#x10E3;&#x10DA;&#x10D8; &#x10E8;&#x10D4;&#x10E1;&#x10D0;&#x10EB;&#x10DA;&#x10D4;&#x10D1;&#x10DA;&#x10DD;&#x10D1;&#x10D8;&#x10E1; &#x10DB;&#x10E5;&#x10DD;&#x10DC;&#x10D4; &#x10D1;&#x10D0;&#x10D5;&#x10E8;&#x10D5;&#x10D4;&#x10D1;&#x10D8;&#x10E1;&#x10D0; &#x10D3;&#x10D0; &#x10D0;&#x10EE;&#x10D0;&#x10DA;&#x10D2;&#x10D0;&#x10D6;&#x10E0;&#x10D3;&#x10D4;&#x10D1;&#x10D8;&#x10E1; &#x10D4;&#x10DB;&#x10DD;&#x10EA;&#x10D8;&#x10E3;&#x10E0;&#x10D8; &#x10D9;&#x10D4;&#x10D7;&#x10D8;&#x10DA;&#x10D3;&#x10E6;&#x10D4;&#x10DD;&#x10D1;&#x10D8;&#x10E1; &#x10EE;&#x10D4;&#x10DA;&#x10E8;&#x10D4;&#x10EC;&#x10E7;&#x10DD;&#x10D1;&#x10D0;</subfield>
  </datafield>
  <datafield tag="653" ind1=" " ind2=" ">
    <subfield code="a">&#x10D2;&#x10DD;&#x10DC;&#x10D4;&#x10D1;&#x10E0;&#x10D8;&#x10D5;&#x10D8; &#x10E8;&#x10D4;&#x10D6;&#x10E6;&#x10E3;&#x10D3;&#x10E3;&#x10DA;&#x10D8; &#x10E8;&#x10D4;&#x10E1;&#x10D0;&#x10EB;&#x10DA;&#x10D4;&#x10D1;&#x10DA;&#x10DD;&#x10D1;&#x10D8;&#x10E1; &#x10DB;&#x10E5;&#x10DD;&#x10DC;&#x10D4; &#x10D0;&#x10EE;&#x10D0;&#x10DA;&#x10D2;&#x10D0;&#x10D6;&#x10E0;&#x10D3;&#x10D4;&#x10D1;&#x10D8;</subfield>
  </datafield>
  <datafield tag="653" ind1=" " ind2=" ">
    <subfield code="a">&#x41C;&#x43E;&#x43B;&#x43E;&#x434;&#x435;&#x436;&#x44C; &#x441; &#x43F;&#x441;&#x438;&#x445;&#x438;&#x447;&#x435;&#x441;&#x43A;&#x438;&#x43C;&#x438; &#x440;&#x430;&#x441;&#x441;&#x442;&#x440;&#x43E;&#x439;&#x441;&#x442;&#x432;&#x430;&#x43C;&#x438;</subfield>
  </datafield>
  <datafield tag="700" ind1="1" ind2=" ">
    <subfield code="a">Laverty, Tom,</subfield>
    <subfield code="e">author.</subfield>
    <subfield code="9">12105</subfield>
  </datafield>
  <datafield tag="700" ind1="1" ind2=" ">
    <subfield code="a">Chowdhury, Sanchita,</subfield>
    <subfield code="e">author.</subfield>
    <subfield code="9">12106</subfield>
  </datafield>
  <datafield tag="942" ind1=" " ind2=" ">
    <subfield code="2">udc</subfield>
    <subfield code="c">BK</subfield>
  </datafield>
  <datafield tag="952" ind1=" " ind2=" ">
    <subfield code="0">0</subfield>
    <subfield code="1">0</subfield>
    <subfield code="2">udc</subfield>
    <subfield code="4">0</subfield>
    <subfield code="6">364694__3760562_F83</subfield>
    <subfield code="7">0</subfield>
    <subfield code="9">90406</subfield>
    <subfield code="a">CPL</subfield>
    <subfield code="b">CPL</subfield>
    <subfield code="c">GEN</subfield>
    <subfield code="d">2021-06-21</subfield>
    <subfield code="g">69.00</subfield>
    <subfield code="o">364.694 + 376-056.2 F-83</subfield>
    <subfield code="p">61392</subfield>
    <subfield code="r">2021-06-21</subfield>
    <subfield code="t">61392</subfield>
    <subfield code="w">2021-06-21</subfield>
    <subfield code="y">BK</subfield>
    <subfield code="z">69 &#x10DA;.</subfield>
  </datafield>
</record>
